000 00587nam a22002177a 4500
999 _c358222
_d358222
003 IT-MiCISF
005 20190405115321.0
008 190405b ||||| |||| 00| 0 eng d
040 _aIT-MiCISF
_cIT-MiCISF
041 _ait
100 _aDe Sandre Italo
_957773
210 _aEtica per le professioni
245 _aPersone che curano persone, dentro alle turbolenze del welfare
260 _c2018
300 _app. 7-14
362 _an. 1
500 _awelfare, politiche-sociali, storia
650 _aservizi-alla-persona
_956082
654 _aarticolo
942 _2ddc
_cDD